009610000a22002530004500090001400000245007000014650003900084650003100123650002300154650002000177651001800197653003300215653002700248653003200275653003500307653003000342041001300372700003600385100003000421942001300451773006800464999001700532952015800549 aARb0111910aSurvey of the distribution and density of the primates of Guayana14aDistribución geográfica99299714aDensidad poblacional9757614aMamíferos99251014aPrimates992938 4pGuyana992749 gAlouattaeAlouatta seniculus gCebuseCebus olivaceus gPitheciaePithecia Pithecia gChiropoteseChiropotes satanas gSaimirieSaimiri sciureus0 aInglés1 aPhillips Conroy, Jane E.9943621 aSussman, Robert W.993536 cARTICULO1 tInternational Journal of Primatology3162h5q761-791d1995g16 c10205d10205 001040718HEMEROTECAaBogotabBogotad2015-02-27hFuera de circulaciónl0oAR 01119p011437r2015-03-25 00:00:00t1w2015-03-25xDonaciónyARTICULO